[Event "AUS-ch Reserves"]
[Site "Geelong"]
[Date "2011.12.29"]
[Round "3"]
[White "Ingram, Benny"]
[Black "Wyss, Felix"]
[Result "1/2-1/2"]
[WhiteElo "1991"]
[BlackElo "1912"]
[PlyCount "165"]
[EventDate "2011.12.27"]
[EventType "swiss"]
[EventRounds "11"]
[EventCountry "AUS"]
[SourceTitle "EXT 2023"]
[Source "ChessBase"]
[SourceDate "2022.10.05"]
[SourceVersion "1"]
[SourceVersionDate "2022.10.05"]
[SourceQuality "1"]

1. d4 d5 2. c4 e6 3. Nc3 Nf6 4. cxd5 exd5 5. Bg5 c6 6. e3 Be6 7. Bd3 Nbd7 8. Qc2 Be7 9. Nge2 Nf8 10. 0-0 Ng6 11. Rab1 Nd7 12. Bxe7 Qxe7 13. Ng3 Nh4 14. Rbe1 g6 15. e4 dxe4 16. Bxe4 0-0 17. d5 cxd5 18. Bxd5 Qd6 19. Bxe6 fxe6 20. Qe4 Nf5 21. Qxe6+ Qxe6 22. Rxe6 Nc5 23. Re2 Nxg3 24. hxg3 Rad8 25. Rd1 Kf7 26. Red2 Rxd2 27. Rxd2 Re8 28. Kf1 Re7 29. f3 a6 30. Kf2 Rc7 31. Ke3 Re7+ 32. Kf2 Rc7 33. Rd5 Ke6 34. Rd4 Kf7 35. Ne4 Ne6 36. Rd2 Ke7 37. Nc3 Kf7 38. Ke3 Nc5 39. Nd5 Rd7 40. Nb6 Re7+ 41. Kd4 Nd7 42. Nxd7 Rxd7+ 43. Kc3 Rc7+ 44. Kb4 Ke7 45. g4 g5 46. a4 Rc6 47. Ka5 h6 48. b4 Re6 49. b5 axb5 50. axb5 Ke8 51. Kb4 Ke7 52. Kc5 b6+ 53. Kc4 Re1 54. Ra2 Kd6 55. Rd2+ Kc7 56. Kd5 Kd7 57. Rc2 Rd1+ 58. Kc4 Ke6 59. Re2+ Kd7 60. Ra2 Ke6 61. Ra6 Rd6 62. Ra8 Ke5 63. Rf8 Rd4+ 64. Kc3 Rd6 65. Rc8 Kd5 66. Re8 Rf6 67. Rd8+ Kc5 68. Kd3 Kxb5 69. Ke4 Rc6 70. g3 Kc4 71. f4 gxf4 72. gxf4 b5 73. g5 hxg5 74. fxg5 b4 75. Rb8 Kc3 76. Kf5 Rc5+ 77. Kf6 Rc4 78. g6 b3 79. g7 Rg4 80. g8Q Rxg8 81. Rxg8 b2 82. Rb8 Kc2 83. Rxb2+ 1/2-1/2

[Event "Doeberl Cup 48th"]
[Site "Canberra"]
[Date "2010.04.04"]
[Round "8"]
[White "Wyss, Felix"]
[Black "Lester, George E"]
[Result "0-1"]
[WhiteElo "1974"]
[BlackElo "1887"]
[PlyCount "50"]
[EventDate "2010.04.01"]
[EventType "swiss"]
[EventRounds "9"]
[EventCountry "AUS"]
[SourceTitle "CBM 135 Extra"]
[Source "ChessBase"]
[SourceDate "2010.05.04"]
[SourceVersion "1"]
[SourceVersionDate "2010.05.04"]
[SourceQuality "1"]

1. d4 Nf6 2. c4 g6 3. Nc3 Bg7 4. e4 d6 5. Nge2 0-0 6. f3 Nbd7 7. g4 c5 8. d5 Ne5 9. Ng3 a6 10. Be2 b5 11. g5 Ne8 12. cxb5 axb5 13. Bxb5 Ba6 14. Bxa6 Rxa6 15. Qe2 c4 16. 0-0 Nd3 17. Be3 Qa5 18. Qc2 Nxb2 19. Bd2 Nd3 20. Rfb1 Be5 21. Nge2 Qc5+ 22. Kh1 Qf2 23. f4 Nxf4 24. Bxf4 Bxf4 25. Nd4 Qxd4 0-1

[Event "Doeberl Cup 48th"]
[Site "Canberra"]
[Date "2010.04.01"]
[Round "2"]
[White "Wyss, Felix"]
[Black "Lane, Gary William"]
[Result "0-1"]
[WhiteElo "1974"]
[BlackElo "2379"]
[PlyCount "58"]
[EventDate "2010.04.01"]
[EventType "swiss"]
[EventRounds "9"]
[EventCountry "AUS"]
[SourceTitle "CBM 135 Extra"]
[Source "ChessBase"]
[SourceDate "2010.05.04"]
[SourceVersion "1"]
[SourceVersionDate "2010.05.04"]
[SourceQuality "1"]

1. d4 d5 2. c4 c6 3. Nf3 Nf6 4. Nc3 e6 5. e3 Nbd7 6. a3 Bd6 7. b4 0-0 8. Qc2 Qe7 9. Bb2 Re8 10. Rd1 dxc4 11. Bxc4 a5 12. bxa5 Bxa3 13. Ra1 Bb4 14. 0-0 Rxa5 15. Ba2 h6 16. Bb1 Rxa1 17. Bxa1 Bd6 18. g4 e5 19. g5 hxg5 20. Nxg5 exd4 21. exd4 Nf8 22. h4 Bg4 23. Ba2 Bh5 24. Qb3 Bf4 25. d5 Bxg5 26. d6 Qd7 27. hxg5 Qg4+ 28. Kh2 Qh4+ 29. Kg1 Ng4 0-1

[Event "Doeberl Cup 46th"]
[Site "Canberra"]
[Date "2008.03.20"]
[Round "2"]
[White "Wyss, Felix"]
[Black "Wang, Puchen"]
[Result "0-1"]
[WhiteElo "1954"]
[BlackElo "2383"]
[PlyCount "80"]
[EventDate "2008.03.20"]
[EventType "swiss"]
[EventRounds "9"]
[EventCountry "AUS"]
[SourceTitle "CBM 123 Extra"]
[Source "ChessBase"]
[SourceDate "2008.05.06"]
[SourceVersion "1"]
[SourceVersionDate "2008.05.06"]
[SourceQuality "1"]

1. d4 Nf6 2. c4 c5 3. d5 b5 4. cxb5 a6 5. Nc3 axb5 6. Nxb5 Ba6 7. Nc3 g6 8. g3 d6 9. e4 Bxf1 10. Kxf1 Bg7 11. Nge2 Nbd7 12. Kg2 0-0 13. Re1 Qa5 14. Bd2 Rfb8 15. Qc2 Ne8 16. a4 Qb4 17. Reb1 Qb3 18. Qxb3 Rxb3 19. Nc1 Rb7 20. Nb5 Nb6 21. Nc3 Nc4 22. Be1 Rxb2 23. Rxb2 Nxb2 24. a5 Nc4 25. a6 Nc7 26. a7 Bxc3 27. Bxc3 Nb5 28. Rb1 Nca3 29. Rb3 Rxa7 30. Bb2 Ra4 31. Na2 f6 32. f3 Kf7 33. Kf2 Nc4 34. Nc1 Nxb2 35. Rxb2 Nd4 36. Ra2 Rb4 37. Rd2 Nb3 38. Nxb3 Rxb3 39. Rc2 f5 40. e5 Rd3 0-1

[Event "Melbourne CC-ch"]
[Site "Melbourne"]
[Date "2004.??.??"]
[Round "?"]
[White "Hacche, David"]
[Black "Wyss, Felix"]
[Result "1-0"]
[WhiteElo "2197"]
[BlackElo "2053"]
[PlyCount "31"]
[EventDate "2004.??.??"]
[EventType "swiss"]
[EventRounds "6"]
[EventCountry "AUS"]
[SourceTitle "EXT 2007"]
[Source "ChessBase"]
[SourceDate "2006.11.23"]
[SourceVersion "1"]
[SourceVersionDate "2006.11.23"]
[SourceQuality "1"]

1. e4 e5 2. Nf3 Nc6 3. Bb5 a6 4. Bxc6 dxc6 5. 0-0 Bd6 6. d4 exd4 7. Qxd4 f6 8. Be3 Bg4 9. Nbd2 c5 10. Qc3 Qe7 11. Rfe1 b5 12. e5 fxe5 13. Bxc5 Bxc5 14. Rxe5 Be6 15. Rae1 Bb4 16. Qc6+ 1-0

[Event "Melbourne CC-ch"]
[Site "Melbourne"]
[Date "2004.??.??"]
[Round "?"]
[White "Wyss, Felix"]
[Black "Hanks, John"]
[Result "1-0"]
[WhiteElo "2053"]
[BlackElo "2171"]
[PlyCount "75"]
[EventDate "2004.??.??"]
[EventType "swiss"]
[EventRounds "6"]
[EventCountry "AUS"]
[SourceTitle "EXT 2007"]
[Source "ChessBase"]
[SourceDate "2006.11.23"]
[SourceVersion "1"]
[SourceVersionDate "2006.11.23"]
[SourceQuality "1"]

1. d4 Nc6 2. d5 Ne5 3. f4 Ng6 4. e4 e5 5. dxe6 dxe6 6. Bd3 Bd6 7. g3 Bd7 8. Be3 e5 9. f5 N6e7 10. g4 Nc6 11. a3 Qh4+ 12. Bf2 Qe7 13. Nc3 0-0-0 14. Nf3 f6 15. Nd5 Qf8 16. b4 a6 17. c4 Qe8 18. h4 Nb8 19. c5 Bf8 20. a4 Ne7 21. Nc3 Nec6 22. Nd5 Ne7 23. Qc2 Nxd5 24. exd5 Qf7 25. Be4 Be8 26. h5 Qg8 27. d6 c6 28. Ke2 Bf7 29. Nd2 Rd7 30. Rh3 Kd8 31. Bd3 Kc8 32. Nc4 Kd8 33. Nb6 Ke8 34. Nxd7 Kxd7 35. b5 Bb3 36. Qc3 Bd5 37. Qa5 Bc4 38. Qc7+ 1-0